Обоснование метода растворения при исследовании запасенной энергии в щелочногалоидных кристаллах после облучения протонами; Тезисы докладов межвузовской конференции по вопросам радиационной физики, Томск, 5-10 июня 1967 г.

Dades bibliogràfiques
Parent link:Тезисы докладов межвузовской конференции по вопросам радиационной физики, Томск, 5-10 июня 1967 г..— 1967.— С. 87-88
Autor principal: Кузьмина А. В.
Altres autors: Арьянов А. П., Трубин В. И.
Idioma:rus
Publicat: 1967
Matèries:
Format: MixedMaterials Capítol de llibre
KOHA link:https://koha.lib.tpu.ru/cgi-bin/koha/opac-detail.pl?biblionumber=175957

MARC

LEADER 00000naa2a2200000 4500
001 175957
005 20231031165154.0
035 |a (RuTPU)RU\TPU\book\190756 
035 |a RU\TPU\tpu\868 
090 |a 175957 
100 |a 20100218d1967 k y0rusy50 ca 
101 0 |a rus 
102 |a RU 
200 1 |a Обоснование метода растворения при исследовании запасенной энергии в щелочногалоидных кристаллах после облучения протонами  |f А. В. Кузьмина, А. П. Арьянов, В. И. Трубин 
463 0 |0 (RuTPU)RU\TPU\book\179074  |t Тезисы докладов межвузовской конференции по вопросам радиационной физики, Томск, 5-10 июня 1967 г.  |f Томский политехнический институт (ТПИ) ; под ред. А. А. Воробьева  |v С. 87-88  |d 1967  |p 143 с. 
610 1 |a физика 
610 1 |a труды учёных ТПУ 
700 1 |a Кузьмина  |b А. В. 
701 1 |a Арьянов  |b А. П. 
701 1 |a Трубин  |b В. И. 
801 0 |a RU  |b 63413507  |c 20011210  |g PSBO 
801 2 |a RU  |b 63413507  |c 20100219  |g PSBO 
942 |c BK